00331nam a2200133Ia 4500008004100000020001500041041001200056082001600068100001600084245003700100260004000137300000800177650001200185221030s9999 xx 000 0 und d a8174932445 aEnglish a105.23bTay aD. C. Tayal 0aNuclear Physics (In S. I. Units) bHimalaya Pub HouseaNew Delhic1997 a679 aPhysics